00378nam a2200181Ia 4500003000900000008004100009040001300050040001300063041000800076100001600084100001000100245003800110250001200148260000900160300001100169300001000180490000600190IT-RoPAU120407s9999 xx 000 0 und d aIT-RoPAU cIT-RoPAU aita aG. Seghetti cdott. aFilosofia sociale del fascismo... apotenza c1935 a232 p. c24 cm v1